000 00519nam a2200169Ia 4500
003 GCL
008 140319s9999 xx 000 0 ara d
040 _aGCL /
_cGCL
082 0 4 _aد
_b050
_bد هـ
245 1 0 _aخفايا القاهرة ( الهلال يونيو 2002 )
260 _aالقاهرة :
_bدار الهلال للطباعة والنشر ،
_c2002
650 0 4 _aالارهاب
650 0 4 _aالصهيونية
650 0 4 _aزكى مبارك
650 0 4 _aالقاهرة - تاريخ
942 _2ddc
_cCR
999 _c6686
_d6686